000 00427nam a2200181Ia 4500
001 1228
005 20260306140616.0
008 260306t1994||||xx |||||||||||||| ||spa||
041 _aESP
082 _a189.4
_bP25
100 _aPapini, Giovanni.
_eAUT
245 0 _aLos operarios de la viña y otros ensayos
260 _c1994
300 _a207 páginas :
_c
650 _aGEN
654 _aCHU
942 _cLIB
_dJUS
_fJUS
_2ddc
_n
999 _c1228
_d1228